| 000 | 00569nam a2200181Ia 4500 | ||
|---|---|---|---|
| 008 | 100920s9999 xx 000 0 und d | ||
| 082 |
_b41291 _a--- थ 79 |
||
| 100 | _aदेशपाण्डे वामन. | ||
| 245 | _aअंधारखर. | ||
| 260 |
_bसाहित्य प्रसार केंद्र, मुंबई. _c1979 |
||
| 300 |
_a57 _bसाधी |
||
| 365 | _b6 | ||
| 520 | _aकादंबरी. | ||
| 630 | _aअंधारखर. | ||
| 650 | _aकादंबरी. | ||
| 730 | _aअंधारखर. | ||
| 942 | _cBOOK | ||
| 999 |
_c691971 _d691968 |
||